| 000 | 00441cam a22001337a 4500 | ||
|---|---|---|---|
| 008 | 180718b2004 xxu||||| |||| 00| 0 eng d | ||
| 082 | _aA81x54 01/07TH | ||
| 100 | _aCensus of India 2001 | ||
| 245 | _aHaryana: tables on houses, household amenities and assets | ||
| 260 |
_aDelhi _bThe Controller of Publications _c2004 |
||
| 300 | _a584p. | ||
| 440 | _aCensus of India 2001. Series-7, Haryana | ||
| 650 | _aHousehold surveys - India - Haryana | ||
| 999 |
_c486766 _d486766 |
||